[Event "EWICC 2019"]
[Site "Antalya"]
[Date "2019.04.14"]
[Round "3.62"]
[White "Teuschler, Barbara"]
[Black "Soyunlu, Narmin"]
[Result "0-1"]
[WhiteElo "2180"]
[BlackElo "2064"]
[Annotator "TA"]
[PlyCount "94"]
[EventDate "2019.04.11"]
[EventType "swiss"]
[EventCountry "TUR"]
[SourceTitle "playchess.com"]
[Source "ChessBase"]
[SourceQuality "1"]

1. d4 Nf6 2. Bf4 d6 3. e3 g6 4. Nd2 Bg7 5. c3 O-O 6. Ngf3 b6 7. Bd3 c5 8. O-O Bb7 9. Qe2 Nc6 10. e4 cxd4 11. cxd4 Nb4 12. Bb5 Nh5 13. Be3 Nc2 14. Rac1 Nxe3 15. Qxe3 Nf6 16. Bc6 Bxc6 17. Rxc6 Rc8 18. Rfc1 Rxc6 19. Rxc6 Qd7 20. Qc3 Re8 21. h3 d5 22. e5 Ne4 23. Qc2 Nc5 24. Rxc5 bxc5 25. dxc5 Rc8 26. b4 Qc7 27. e6 fxe6 28. h4 Bf6 29. h5 Kg7 30. Nb3 e5 31. Qd2 Qd7 32. b5 e6 33. c6 Qd6 34. h6+ Kg8 35. Qa5 e4 36. Nfd2 Rc7 37. Nc5 Bd8 38. Qc3 Bg5 39. Ndb3 Bxh6 40. Nb7 Qe7 41. Qa5 Rxb7 42. cxb7 Qxb7 43. Qd8+ Kf7 44. a4 e3 45. Qh4 e2 46. f3 Qb6+ 47. Kh1 Qe3 0-1

[Event "EWICC 2019"]
[Site "Antalya"]
[Date "2019.04.13"]
[Round "3.63"]
[White "Sahin, Handenur"]
[Black "Hapala, Elisabeth"]
[Result "1/2-1/2"]
[WhiteElo "2017"]
[BlackElo "2140"]
[Annotator "NA"]
[PlyCount "73"]
[EventDate "2019.04.11"]
[EventType "swiss"]
[EventCountry "TUR"]
[SourceTitle "playchess.com"]
[Source "ChessBase"]
[SourceQuality "1"]

1. d4 d5 2. Bf4 Nf6 3. e3 c5 4. c3 e6 5. Nd2 Nc6 6. Ngf3 Bd6 7. Bg3 O-O 8. Bd3 b6 9. O-O Bb7 10. Ne5 Rc8 11. f4 Ne7 12. Qf3 Nf5 13. Bf2 Be7 14. Rad1 Nd6 15. Qh3 c4 16. Bc2 Nfe4 17. Ndf3 b5 18. Bh4 Nf5 19. Bxe7 Qxe7 20. g4 Nfd6 21. Ng5 Nxg5 22. fxg5 Ne4 23. Bxe4 dxe4 24. g6 hxg6 25. Rxf7 Qxf7 26. Nxf7 Rxf7 27. Rf1 Rcf8 28. Rxf7 Rxf7 29. Qg3 Bd5 30. Qb8+ Kh7 31. Qxb5 Rb7 32. Qc5 Rxb2 33. Qxa7 Re2 34. Qe7 Rxe3 35. Qh4+ Kg8 36. Qd8+ Kh7 37. Qh4+ 1/2-1/2

[Event "EWICC 2019"]
[Site "Antalya"]
[Date "2019.04.13"]
[Round "3.64"]
[White "Narva, Triin"]
[Black "Kocyigit, Buse Naz"]
[Result "1-0"]
[WhiteElo "2129"]
[BlackElo "1932"]
[Annotator "NA"]
[PlyCount "59"]
[EventDate "2019.04.11"]
[EventType "swiss"]
[EventCountry "TUR"]
[SourceTitle "playchess.com"]
[Source "ChessBase"]
[SourceQuality "1"]

1. e4 c5 2. c3 Nf6 3. e5 Nd5 4. d4 cxd4 5. Nf3 g6 6. Qxd4 Nc7 7. Qh4 Nc6 8. Bc4 Ne6 9. O-O h6 10. Re1 Bg7 11. Na3 a6 12. Nc2 Qc7 13. Qe4 O-O 14. Ne3 Nxe5 15. Nxe5 Qxe5 16. Qxe5 Bxe5 17. Nd5 Bd6 18. Nb6 Rb8 19. Bxh6 Rd8 20. Rad1 Bc5 21. Be3 Bxe3 22. Rxe3 d6 23. Rde1 Bd7 24. Nxd7 Rxd7 25. Rxe6 b5 26. Bb3 b4 27. Rxe7 Rxe7 28. Rxe7 bxc3 29. bxc3 a5 30. g3 1-0

[Event "EWICC 2019"]
[Site "Antalya"]
[Date "2019.04.13"]
[Round "3.65"]
[White "Catal, Uktenur"]
[Black "Radeva, Viktoria"]
[Result "1-0"]
[WhiteElo "1820"]
[BlackElo "2192"]
[Annotator "NA"]
[PlyCount "47"]
[EventDate "2019.04.11"]
[EventType "swiss"]
[EventCountry "TUR"]
[SourceTitle "playchess.com"]
[Source "ChessBase"]
[SourceQuality "1"]

1. e4 c5 2. Nf3 d6 3. Bb5+ Nd7 4. a4 g6 5. O-O Bg7 6. a5 Ngf6 7. Nc3 a6 8. Bc4 O-O 9. d4 cxd4 10. Nxd4 Qc7 11. Qe2 Ne5 12. Bb3 e6 13. h3 Nc6 14. Nxc6 bxc6 15. f4 Nd7 16. f5 exf5 17. exf5 Bd4+ 18. Kh1 Nf6 19. fxg6 hxg6 20. Qd3 Be5 21. Qxg6+ Kh8 22. Qh6+ Nh7 23. Ra4 d5 24. Rh4 1-0

[Event "EWICC 2019"]
[Site "Antalya"]
[Date "2019.04.14"]
[Round "4.1"]
[White "Salimova, Nurgyul"]
[Black "Khotenashvili, Bela"]
[Result "1/2-1/2"]
[WhiteElo "2415"]
[BlackElo "2479"]
[Annotator "TA"]
[PlyCount "143"]
[EventDate "2019.04.11"]
[EventType "swiss"]
[EventCountry "TUR"]
[SourceTitle "playchess.com"]
[Source "ChessBase"]
[SourceQuality "1"]

1. e4 c6 2. d4 d5 3. exd5 cxd5 4. Nf3 Nf6 5. c3 Nc6 6. Bd3 Bg4 7. h3 Bh5 8. Bf4 e6 9. Nbd2 Bd6 10. Bxd6 Qxd6 11. O-O g5 12. Be2 Bxf3 13. Nxf3 g4 14. hxg4 Nxg4 15. Bb5 Rg8 16. Re1 Rg6 17. c4 a6 18. cxd5 axb5 19. dxc6 bxc6 20. a4 Rf6 21. Qd3 bxa4 22. Qxh7 Ke7 23. Ne5 Nh6 24. Qc2 Kf8 25. Rxa4 Rxa4 26. Qxa4 Rf4 27. Qxc6 Qxd4 28. Nf3 Qb4 29. Rd1 Rc4 30. Qa8+ Kg7 31. Qa1 Qa4 32. Qxa4 Rxa4 33. Rd4 Ra1+ 34. Kh2 Rb1 35. Rd2 Kf6 36. g3 Nf5 37. Kg2 e5 38. g4 Nd4 39. Nxd4 exd4 40. f4 Ke6 41. Rxd4 Rxb2+ 42. Kg3 Kf6 43. Rd6+ Kg7 44. g5 Rb1 45. Kg4 Rg1+ 46. Kf5 Ra1 47. Rd7 Ra5+ 48. Kg4 Ra1 49. Rb7 Rg1+ 50. Kf3 Rf1+ 51. Ke4 Re1+ 52. Kf5 Ra1 53. Rb6 Ra5+ 54. Kg4 Ra1 55. Rh6 Rg1+ 56. Kf5 Ra1 57. Rh4 Rb1 58. Kg4 Rg1+ 59. Kf3 Rf1+ 60. Kg2 Ra1 61. f5 Rb1 62. Kf3 Rb3+ 63. Kg4 Rb4+ 64. Kh5 Rb1 65. f6+ Kg8 66. Kh6 Rg1 67. Rh2 Rf1 68. Kh5 Rg1 69. Kh6 Rf1 70. Kh5 Rg1 71. Kh6 Rf1 72. Kh5 1/2-1/2

[Event "EWICC 2019"]
[Site "Antalya"]
[Date "2019.04.14"]
[Round "4.2"]
[White "Kashlinskaya, Alina"]
[Black "Buksa, Nataliya"]
[Result "1-0"]
[WhiteElo "2477"]
[BlackElo "2407"]
[Annotator "RC"]
[PlyCount "105"]
[EventDate "2019.04.11"]
[EventType "swiss"]
[EventCountry "TUR"]
[SourceTitle "playchess.com"]
[Source "ChessBase"]
[SourceQuality "1"]

1. d4 Nf6 2. c4 e6 3. Nc3 Bb4 4. e3 O-O 5. Nge2 c6 6. a3 Ba5 7. b4 Bc7 8. e4 d5 9. e5 Nfd7 10. Nf4 a5 11. Rb1 axb4 12. axb4 Qe7 13. Bd3 dxc4 14. Bxc4 b6 15. O-O Rd8 16. Qg4 Nf8 17. Nh5 Ng6 18. Rd1 Rf8 19. Bg5 f6 20. exf6 gxf6 21. Bh6 Rf7 22. Re1 f5 23. Qh3 Ra3 24. Bc1 Ra7 25. d5 Be5 26. dxe6 Bxe6 27. Rxe5 Nxe5 28. Qg3+ Ng6 29. Bg5 Qe8 30. Bxe6 Qxe6 31. Qxb8+ Nf8 32. h4 Qc4 33. Qg3 Ng6 34. Nf6+ Kh8 35. h5 Nf8 36. Ne8 f4 37. Qh3 Qe6 38. Qxe6 Nxe6 39. Bf6+ Kg8 40. Re1 Nc7 41. Bd4 Ra3 42. Nf6+ Kf8 43. h6 Rb3 44. Be5 Ke7 45. Nce4 Ne6 46. Rd1 Nf8 47. Ng8+ Ke6 48. Ng5+ Kxe5 49. Nxf7+ Kf5 50. Rd6 Ne6 51. Rxc6 b5 52. Rb6 Rxb4 53. Ne7+ 1-0

[Event "EWICC 2019"]
[Site "Antalya"]
[Date "2019.04.14"]
[Round "4.4"]
[White "Danielian, Elina"]
[Black "Cramling, Pia"]
[Result "1-0"]
[WhiteElo "2413"]
[BlackElo "2460"]
[Annotator "TA"]
[PlyCount "47"]
[EventDate "2019.04.11"]
[EventType "swiss"]
[EventCountry "TUR"]
[SourceTitle "playchess.com"]
[Source "ChessBase"]
[SourceQuality "1"]

1. d4 Nf6 2. c4 e6 3. Nc3 Bb4 4. e3 O-O 5. Bd3 d5 6. Nf3 dxc4 7. Bxc4 c5 8. O-O Nc6 9. a3 Ba5 10. Bd3 cxd4 11. exd4 h6 12. Bc2 Bb6 13. Be3 Ne7 14. Ne5 Bd7 15. Qd2 Bc6 16. Rad1 Nh7 17. Bxh6 Nd5 18. Bf4 Qe7 19. Qd3 g6 20. Bh6 Rfd8 21. Rfe1 Be8 22. Qh3 Nxc3 23. bxc3 Qxa3 24. Bxg6 1-0

[Event "EWICC 2019"]
[Site "Antalya"]
[Date "2019.04.14"]
[Round "4.5"]
[White "Osmak, Iulija"]
[Black "Paehtz, Elisabeth"]
[Result "1/2-1/2"]
[WhiteElo "2399"]
[BlackElo "2456"]
[Annotator "TA"]
[PlyCount "28"]
[EventDate "2019.04.11"]
[EventType "swiss"]
[EventCountry "TUR"]
[SourceTitle "playchess.com"]
[Source "ChessBase"]
[SourceQuality "1"]

1. d4 d5 2. c4 e6 3. Nc3 c6 4. e4 Bb4 5. Bd3 dxe4 6. Bxe4 Nf6 7. Bf3 Nbd7 8. Nge2 e5 9. O-O O-O 10. Be3 Re8 11. Ng3 Qa5 12. Qc2 exd4 13. Bxd4 Ne5 14. Be2 Bc5 1/2-1/2

[Event "EWICC 2019"]
[Site "Antalya"]
[Date "2019.04.14"]
[Round "4.6"]
[White "Atalik, Ekaterina"]
[Black "Ovod, Evgenija"]
[Result "1-0"]
[WhiteElo "2455"]
[BlackElo "2367"]
[Annotator "TA"]
[PlyCount "55"]
[EventDate "2019.04.11"]
[EventType "swiss"]
[EventCountry "TUR"]
[SourceTitle "playchess.com"]
[Source "ChessBase"]
[SourceQuality "1"]

1. d4 e6 2. c4 f5 3. Nc3 Nf6 4. Qc2 b6 5. e3 Bb7 6. f3 c5 7. d5 exd5 8. cxd5 Nxd5 9. Nxd5 Bxd5 10. Qxf5 Qh4+ 11. g3 Qb4+ 12. Kf2 Be6 13. Qc2 c4 14. Ne2 d5 15. Nf4 Qd6 16. b3 Nd7 17. bxc4 Rc8 18. Be2 dxc4 19. Rd1 Qc6 20. Nxe6 Qxe6 21. Rd4 Be7 22. Rxc4 Nc5 23. Rf4 Bf6 24. Bb2 Bg5 25. Rf5 Qxe3+ 26. Kf1 Bf6 27. Re1 Qh6 28. Bb5+ 1-0

[Event "EWICC 2019"]
[Site "Antalya"]
[Date "2019.04.14"]
[Round "4.7"]
[White "Mkrtchian, Lilit"]
[Black "Pogonina, Natalija"]
[Result "1/2-1/2"]
[WhiteElo "2397"]
[BlackElo "2455"]
[Annotator "RC"]
[PlyCount "81"]
[EventDate "2019.04.11"]
[EventType "swiss"]
[EventCountry "TUR"]
[SourceTitle "playchess.com"]
[Source "ChessBase"]
[SourceQuality "1"]

1. d4 d5 2. c4 e6 3. Nc3 Nf6 4. cxd5 exd5 5. Bg5 c6 6. e3 Be7 7. Bd3 Nbd7 8. h3 O-O 9. Qc2 Re8 10. Nf3 Nf8 11. Bf4 Bd6 12. Bxd6 Qxd6 13. O-O-O b5 14. Kb1 a5 15. Rc1 Bb7 16. Ne5 N6d7 17. f4 Nb6 18. Rhe1 a4 19. a3 f6 20. Nf3 b4 21. axb4 Qxb4 22. Na2 Qa5 23. g4 Ba6 24. g5 Bxd3 25. Qxd3 fxg5 26. Ne5 Nc4 27. Nxc4 dxc4 28. Qxc4+ Kh8 29. fxg5 a3 30. b4 Qxg5 31. Qxc6 Qf5+ 32. e4 Qxh3 33. Qc3 Qg4 34. Qd3 Ne6 35. d5 Nf4 36. Qd2 Rad8 37. Rc2 h6 38. Nc3 Qg5 39. Rf1 Rf8 40. Qd4 Ng6 41. Rg1 1/2-1/2

[Event "EWICC 2019"]
[Site "Antalya"]
[Date "2019.04.14"]
[Round "4.8"]
[White "Arakhamia-Grant, Ketevan"]
[Black "Ushenina, Anna"]
[Result "1/2-1/2"]
[WhiteElo "2360"]
[BlackElo "2432"]
[Annotator "NA"]
[PlyCount "85"]
[EventDate "2019.04.11"]
[EventType "swiss"]
[EventCountry "TUR"]
[SourceTitle "playchess.com"]
[Source "ChessBase"]
[SourceQuality "1"]

1. e4 e5 2. Nf3 Nf6 3. Nxe5 d6 4. Nf3 Nxe4 5. Nc3 Nxc3 6. dxc3 Be7 7. Be3 Nd7 8. Qd2 Nf6 9. O-O-O O-O 10. Bd3 c5 11. h3 Qa5 12. Kb1 Be6 13. c4 Qxd2 14. Bxd2 h6 15. Rhe1 Rfe8 16. g4 Nd7 17. Be4 Nb6 18. b3 d5 19. cxd5 Bxd5 20. c4 Bxe4+ 21. Rxe4 Nd7 22. Rde1 Kf8 23. Bf4 b6 24. Rxe7 Rxe7 25. Bd6 Rae8 26. Nh4 g6 27. Ng2 Nf6 28. Nf4 g5 29. Nd3 Ng8 30. f4 Kg7 31. Bxe7 Rxe7 32. Rxe7 Nxe7 33. f5 Kf6 34. Kc2 Nc6 35. Kd2 Nb4 36. Nc1 Ke5 37. a3 Nc6 38. Ke3 Na5 39. Nd3+ Kd6 40. Nc1 Ke5 41. Nd3+ Kd6 42. Nc1 Ke5 43. Nd3+ 1/2-1/2

[Event "EWICC 2019"]
[Site "Antalya"]
[Date "2019.04.14"]
[Round "4.9"]
[White "Tsolakidou, Stavroula"]
[Black "Sargsyan, Anna M."]
[Result "1/2-1/2"]
[WhiteElo "2429"]
[BlackElo "2327"]
[Annotator "NA"]
[PlyCount "99"]
[EventDate "2019.04.11"]
[EventType "swiss"]
[EventCountry "TUR"]
[SourceTitle "playchess.com"]
[Source "ChessBase"]
[SourceQuality "1"]

1. e4 c6 2. d4 d5 3. exd5 cxd5 4. Bd3 Nc6 5. c3 Qc7 6. Na3 a6 7. Nc2 Nf6 8. h3 e5 9. dxe5 Nxe5 10. Nf3 Bd6 11. Nxe5 Bxe5 12. Be3 O-O 13. O-O Ne4 14. Bd4 Bh2+ 15. Kh1 Bf4 16. Ne3 Qc6 17. Qf3 Bb8 18. Nxd5 Qd6 19. Ne7+ Kh8 20. g3 Nxf2+ 21. Rxf2 Qxe7 22. Qh5 f5 23. Rxf5 Bxf5 24. Bxf5 Rxf5 25. Qxf5 Bd6 26. Rf1 Rg8 27. Kg2 b5 28. h4 Re8 29. Qf7 Qe4+ 30. Kh3 Rg8 31. Qf5 Qe2 32. Rf2 Qe1 33. Kg2 Qe8 34. Qg4 Bc5 35. Re2 Qd8 36. Qe4 Bxd4 37. cxd4 h6 38. d5 Qf6 39. Qe6 Qd4 40. Qf7 Kh7 41. Qf5+ Kh8 42. b3 Rd8 43. Kh2 Qd1 44. Re6 Qd2+ 45. Kh3 Qd1 46. Kg2 Kg8 47. Qf3 Qd2+ 48. Kh3 Rf8 49. Qe4 Qd1 50. Qg2 1/2-1/2

[Event "EWICC 2019"]
[Site "Antalya"]
[Date "2019.04.14"]
[Round "4.10"]
[White "Worek, Joanna"]
[Black "Gaponenko, Inna"]
[Result "0-1"]
[WhiteElo "2299"]
[BlackElo "2428"]
[Annotator "NA"]
[PlyCount "60"]
[EventDate "2019.04.11"]
[EventType "swiss"]
[EventCountry "TUR"]
[SourceTitle "playchess.com"]
[Source "ChessBase"]
[SourceQuality "1"]

1. e4 c5 2. Nf3 Nc6 3. Bb5 g6 4. Bxc6 bxc6 5. O-O Bg7 6. Re1 Nf6 7. c3 O-O 8. d4 d5 9. e5 Ne4 10. h3 cxd4 11. cxd4 c5 12. Nc3 cxd4 13. Qxd4 Bb7 14. Be3 a5 15. Rac1 Nd6 16. Qd3 Nf5 17. Nd4 Nxe3 18. Qxe3 Qb6 19. Na4 Qa7 20. Rc7 Rac8 21. Rxe7 Rfe8 22. Rxe8+ Rxe8 23. f4 f6 24. e6 f5 25. Nxf5 d4 26. Qb3 gxf5 27. e7+ Kh8 28. Qf7 d3+ 29. Kh2 Bc6 30. Nc3 Qf2 0-1

[Event "EWICC 2019"]
[Site "Antalya"]
[Date "2019.04.14"]
[Round "4.11"]
[White "Abdulla, Khayala"]
[Black "Houska, Jovanka"]
[Result "0-1"]
[WhiteElo "2228"]
[BlackElo "2426"]
[Annotator "NA"]
[PlyCount "138"]
[EventDate "2019.04.11"]
[EventType "swiss"]
[EventCountry "TUR"]
[SourceTitle "playchess.com"]
[Source "ChessBase"]
[SourceQuality "1"]

1. e4 c6 2. d4 d5 3. exd5 cxd5 4. c4 Nf6 5. Nc3 Nc6 6. Bg5 e6 7. cxd5 exd5 8. Nf3 Be7 9. h3 h6 10. Bf4 Bf5 11. Bd3 Be4 12. Be5 Qb6 13. Bxf6 Bxf6 14. Bxe4 dxe4 15. Nxe4 O-O-O 16. Nxf6 gxf6 17. O-O Nxd4 18. Nxd4 Rxd4 19. Qf3 Kb8 20. Rac1 Rhd8 21. Rc3 Qd6 22. Qe3 Rd2 23. Rb3 Qe5 24. Qf3 R2d7 25. Rc1 a6 26. g3 f5 27. Rc6 Rd1+ 28. Kh2 R8d7 29. Rxa6 Qe1 30. Rxb7+ Rxb7 31. Qf4+ Rc7 32. Rb6+ Kc8 33. Qxf5+ Rdd7 34. Rxh6 Qe2 35. Rh8+ Kb7 36. Rh4 Qxb2 37. Qf3+ Rc6 38. a3 Qd2 39. Rc4 Qd5 40. Rb4+ Rb6 41. Qc3 Rc7 42. Rxb6+ Kxb6 43. Qb4+ Kc6 44. a4 Kd7 45. Qg4+ Ke7 46. Qb4+ Ke6 47. Qb6+ Rc6 48. Qe3+ Kd6 49. Qf4+ Kd7 50. Qg4+ Re6 51. h4 Qe4 52. Qh5 f5 53. a5 Kc6 54. Qh8 Kb5 55. Qd8 Rc6 56. Qa8 Qf3 57. Qa7 Rc2 58. Qb6+ Kc4 59. Qe6+ Kc3 60. Qe1+ Kb3 61. Kg1 f4 62. gxf4 Qxf4 63. Qb1+ Kc3 64. Qe1+ Kb2 65. Kg2 Qg4+ 66. Kh2 Qxh4+ 67. Kg2 Qg4+ 68. Kh2 Re2 69. Qf1 Re5 0-1

[Event "EWICC 2019"]
[Site "Antalya"]
[Date "2019.04.14"]
[Round "4.12"]
[White "Tomilova, Elena"]
[Black "Goryachkina, Aleksandra"]
[Result "0-1"]
[WhiteElo "2307"]
[BlackElo "2534"]
[Annotator "TA"]
[PlyCount "52"]
[EventDate "2019.04.11"]
[EventType "swiss"]
[EventCountry "TUR"]
[SourceTitle "playchess.com"]
[Source "ChessBase"]
[SourceQuality "1"]

1. e4 c6 2. d4 d5 3. Nc3 dxe4 4. Nxe4 Nd7 5. Ng5 Ngf6 6. Bd3 Qc7 7. Ne2 h6 8. Nf3 e6 9. Bf4 Bd6 10. Bxd6 Qxd6 11. O-O O-O 12. Ng3 b6 13. Re1 Bb7 14. Qe2 c5 15. Ne4 Qc7 16. dxc5 Nxe4 17. Bxe4 Bxe4 18. Qxe4 Nxc5 19. Qc4 b5 20. Qe2 Rfd8 21. Rad1 Na4 22. c3 Qc4 23. Nd4 Qxe2 24. Rxe2 b4 25. Rc1 Rac8 26. Rec2 bxc3 0-1

[Event "EWICC 2019"]
[Site "Antalya"]
[Date "2019.04.14"]
[Round "4.13"]
[White "Maltsevskaya, Aleksandra"]
[Black "Stefanova, Antoaneta"]
[Result "1/2-1/2"]
[WhiteElo "2296"]
[BlackElo "2464"]
[Annotator "TA"]
[PlyCount "85"]
[EventDate "2019.04.11"]
[EventType "swiss"]
[EventCountry "TUR"]
[SourceTitle "playchess.com"]
[Source "ChessBase"]
[SourceQuality "1"]

1. e4 e5 2. Nf3 Nc6 3. Nc3 Nf6 4. d4 exd4 5. Nxd4 Bb4 6. Nxc6 bxc6 7. Bd3 O-O 8. O-O d5 9. exd5 cxd5 10. Qf3 Rb8 11. h3 Be6 12. Bf4 Bd6 13. b3 c5 14. Bxd6 Qxd6 15. Rad1 Qe5 16. Rfe1 Qg5 17. Bf1 Rb4 18. Ne2 h5 19. a3 Re4 20. Ng3 Rxe1 21. Rxe1 h4 22. Ne2 Bf5 23. Rc1 Re8 24. Qf4 Qxf4 25. Nxf4 g5 26. Nd3 c4 27. Nb4 Rc8 28. bxc4 dxc4 29. Re1 Kg7 30. Re5 Kg6 31. Ra5 Rc7 32. Ra6 Be6 33. Rc6 Rd7 34. Bxc4 Rd1+ 35. Kh2 Bxc4 36. Rxc4 Ra1 37. Rc6 Kg7 38. Ra6 Ne4 39. Nd3 Ra2 40. Ra4 Nd2 41. Rxa7 Rxc2 42. a4 Ne4 43. Re7 1/2-1/2

[Event "EWICC 2019"]
[Site "Antalya"]
[Date "2019.04.14"]
[Round "4.14"]
[White "Osmanodja, Filiz"]
[Black "Sebag, Marie"]
[Result "0-1"]
[WhiteElo "2292"]
[BlackElo "2461"]
[Annotator "TA"]
[PlyCount "219"]
[EventDate "2019.04.11"]
[EventType "swiss"]
[EventCountry "TUR"]
[SourceTitle "playchess.com"]
[Source "ChessBase"]
[SourceQuality "1"]

1. e4 c5 2. Nf3 d6 3. d4 cxd4 4. Nxd4 Nf6 5. Nc3 a6 6. Be3 e5 7. Nf3 Be7 8. Bc4 O-O 9. O-O Be6 10. Bb3 b5 11. Qe2 h6 12. a3 Nbd7 13. Nh4 Qc7 14. Nf5 Nc5 15. Nd5 Nxd5 16. Bxd5 Bxf5 17. Bxa8 Nxe4 18. Bd5 Nf6 19. c4 Nxd5 20. cxd5 Qc4 21. Qd2 Bd3 22. Rfd1 e4 23. Qa5 f5 24. Qxa6 f4 25. Bb6 Qxd5 26. a4 Qg5 27. Rxd3 exd3 28. Qxb5 Qxb5 29. axb5 Rb8 30. Bd4 Rxb5 31. Rd1 Rd5 32. Bc3 Kf7 33. Kf1 Bf6 34. Ke1 f3 35. gxf3 Bxc3+ 36. bxc3 Ke6 37. Kd2 Rh5 38. Rh1 Rh3 39. Kxd3 Rxf3+ 40. Kd4 Rxf2 41. h4 Rf4+ 42. Ke3 Rg4 43. h5 Kd5 44. Kd3 Rg3+ 45. Kd2 Kc5 46. Rh4 d5 47. Kc2 Kd6 48. Kd2 Ke5 49. Kc2 Rf3 50. Kd2 Kf6 51. Rd4 Rf5 52. Rh4 Kg5 53. Rh1 Rf3 54. Rh2 Rg3 55. Rh1 Kf5 56. Rh2 Ke5 57. Rh4 Kd6 58. c4 dxc4 59. Rxc4 Rg5 60. Rh4 Ke5 61. Ke3 Rg3+ 62. Kf2 Ra3 63. Rg4 Kf6 64. Kg2 Ra5 65. Rf4+ Ke6 66. Rh4 Kf5 67. Kg3 Ra3+ 68. Kf2 Kg5 69. Rh1 Ra7 70. Kf3 Rf7+ 71. Kg3 Rf4 72. Rh2 Rg4+ 73. Kf3 Rh4 74. Rg2+ Kf6 75. Rf2 Rxh5 76. Kg4+ Kg6 77. Ra2 Rg5+ 78. Kh4 Rf5 79. Rg2+ Kf6 80. Ra2 Rf4+ 81. Kg3 Kg5 82. Ra6 Rf5 83. Ra4 h5 84. Ra7 g6 85. Ra6 Rb5 86. Ra3 h4+ 87. Kh3 Kh5 88. Rc3 g5 89. Rc4 g4+ 90. Kg2 Rb2+ 91. Kg1 h3 92. Rc3 Kh4 93. Rc4 Rg2+ 94. Kh1 Rf2 95. Kg1 Rf3 96. Kh2 Re3 97. Ra4 Re2+ 98. Kg1 Kg3 99. Ra3+ Kf4 100. Ra8 Kf3 101. Rf8+ Kg3 102. Rf1 Re4 103. Ra1 Rb4 104. Ra3+ Kh4 105. Ra1 g3 106. Rc1 h2+ 107. Kg2 Rb2+ 108. Kf3 Rf2+ 109. Ke3 Kh3 110. Kd4 0-1

[Event "EWICC 2019"]
[Site "Antalya"]
[Date "2019.04.14"]
[Round "4.15"]
[White "Batsiashvili, Nino"]
[Black "Babiy, Olga"]
[Result "1-0"]
[WhiteElo "2453"]
[BlackElo "2289"]
[Annotator "ChessBase"]
[PlyCount "99"]
[EventDate "2019.04.11"]
[EventType "swiss"]
[EventCountry "TUR"]
[SourceTitle "playchess.com"]
[Source "ChessBase"]
[SourceQuality "1"]

1. c4 Nf6 2. Nc3 e6 3. e4 d5 4. e5 d4 5. exf6 dxc3 6. bxc3 Qxf6 7. Nf3 b6 8. d4 Bb7 9. Bd3 Bxf3 10. Qxf3 Qxf3 11. gxf3 Nd7 12. a4 Bd6 13. a5 O-O 14. O-O Rad8 15. Be3 Nf6 16. Rfb1 h6 17. Bf1 Nd7 18. f4 f5 19. Rb5 c6 20. Rbb1 g5 21. fxg5 f4 22. Bd2 hxg5 23. Bh3 Kf7 24. axb6 axb6 25. Ra7 Rh8 26. Bg4 Bb8 27. Rb7 Kf6 28. h3 Rhe8 29. Kg2 Re7 30. Ra1 Rc8 31. Ra8 Rf8 32. d5 cxd5 33. cxd5 Be5 34. Rxf8+ Nxf8 35. Rxb6 Rc7 36. Bxe6 Bxc3 37. Bg4+ Kf7 38. Rc6 Be5 39. Ba5 Ra7 40. Bd8 Ra2 41. Bxg5 Rd2 42. Bh5+ Kg8 43. Bf3 Nh7 44. Bh4 Nf8 45. Be4 Kf7 46. Rb6 Kg8 47. Rb7 Bd4 48. Kf3 Be5 49. Kg4 Bd6 50. Bf6 1-0

[Event "EWICC 2019"]
[Site "Antalya"]
[Date "2019.04.14"]
[Round "4.16"]
[White "Bulmaga, Irina"]
[Black "Sandu, Mihaela"]
[Result "0-1"]
[WhiteElo "2438"]
[BlackElo "2278"]
[Annotator "TA"]
[PlyCount "200"]
[EventDate "2019.04.11"]
[EventType "swiss"]
[EventCountry "TUR"]
[SourceTitle "playchess.com"]
[Source "ChessBase"]
[SourceQuality "1"]

1. e4 c5 2. b3 Nf6 3. Nc3 Nc6 4. Nf3 d6 5. Bb5 Bd7 6. O-O g6 7. Bb2 Bg7 8. Nd5 O-O 9. Nxf6+ exf6 10. d4 f5 11. Bxc6 bxc6 12. exf5 Bxf5 13. Rb1 Qa5 14. dxc5 dxc5 15. Bxg7 Kxg7 16. Qe1 Qxe1 17. Rfxe1 Rfe8 18. Ne5 Re6 19. Nd3 Rxe1+ 20. Rxe1 Rd8 21. Nxc5 Bxc2 22. g3 Rd2 23. Kg2 Bf5 24. a3 Ra2 25. h3 h5 26. a4 Rc2 27. Ne4 Be6 28. Re3 Bd5 29. Kf1 c5 30. Ke1 c4 31. b4 Rb2 32. b5 Bxe4 33. Rxe4 Rb4 34. a5 Rxb5 35. Rxc4 Rxa5 36. Rc7 Re5+ 37. Kd2 a5 38. Ra7 Kf6 39. Ra6+ Kf5 40. Ra7 f6 41. Ra6 Rb5 42. Ke2 g5 43. g4+ hxg4 44. hxg4+ Kxg4 45. Rxf6 Re5+ 46. Kf1 Rf5 47. Rd6 Kf3 48. Re6 Rb5 49. Rf6+ Ke4 50. Ke2 Rb2+ 51. Kd1 a4 52. f3+ Ke3 53. Rf5 a3 54. Kc1 Rg2 55. Kb1 Kd3 56. Ka1 Kc3 57. Rc5+ Kb3 58. Rb5+ Kc4 59. Rf5 Kb4 60. Re5 Kc3 61. Kb1 Kd4 62. Rf5 Ke3 63. Ka1 Rg3 64. Kb1 Kf2 65. Ka1 Kg2 66. Ka2 Kh3 67. Rf8 Kh2 68. Rf7 Kh3 69. Rf8 Kg2 70. Rf5 Kf1 71. Ka1 Rg2 72. Kb1 Kg1 73. Ka1 Kh2 74. Kb1 Kh3 75. Ka1 Kh4 76. Rf8 Kh5 77. Rh8+ Kg6 78. Rh3 Rf2 79. Rg3 Kf6 80. Rh3 Kf5 81. Rg3 a2 82. Rh3 Rf1+ 83. Kxa2 Kf4 84. Rh8 Rxf3 85. Kb2 Kg3 86. Kc2 Re3 87. Kd2 Re7 88. Rg8 g4 89. Rf8 Kg2 90. Rg8 g3 91. Rg5 Kf2 92. Rf5+ Kg1 93. Rg5 g2 94. Rg6 Re5 95. Kd3 Kh2 96. Rh6+ Kg3 97. Rg6+ Kh3 98. Rg7 Rh5 99. Ke2 Kh2 100. Kf2 g1=Q+ 0-1

[Event "EWICC 2019"]
[Site "Antalya"]
[Date "2019.04.14"]
[Round "4.17"]
[White "Sedina, Elena"]
[Black "Mammadzada, Gunay"]
[Result "0-1"]
[WhiteElo "2271"]
[BlackElo "2438"]
[Annotator "NA RC"]
[PlyCount "108"]
[EventDate "2019.04.11"]
[EventType "swiss"]
[EventCountry "TUR"]
[SourceTitle "playchess.com"]
[Source "ChessBase"]
[SourceQuality "1"]

1. e4 c5 2. Nf3 d6 3. Bb5+ Nd7 4. d4 cxd4 5. Qxd4 a6 6. Bxd7+ Bxd7 7. c4 Nf6 8. Bg5 e6 9. Nc3 h6 10. Bh4 Be7 11. e5 dxe5 12. Nxe5 Rc8 13. O-O Bc6 14. Qxd8+ Bxd8 15. Rac1 g5 16. Bg3 Nh5 17. Rfe1 Be7 18. b3 Ng7 19. f3 f6 20. Nxc6 Rxc6 21. Ne2 Ba3 22. Rb1 e5 23. Bf2 Ne6 24. Red1 h5 25. Nc3 Nf4 26. Nd5 Nxd5 27. Rxd5 Rd6 28. Rbd1 Rxd5 29. Rxd5 Ke7 30. Kf1 g4 31. Ke2 Ke6 32. Rd3 Rc8 33. c5 Rc6 34. Rc3 gxf3+ 35. gxf3 b6 36. Rc4 Bxc5 37. Kd3 Rd6+ 38. Ke2 Bxf2 39. Kxf2 b5 40. Rc2 f5 41. Ke2 Kd5 42. Rc8 Rc6 43. Rd8+ Ke6 44. Re8+ Kf6 45. Kd2 h4 46. Rg8 b4 47. Rb8 a5 48. Rb5 Rc3 49. f4 exf4 50. Rxa5 Rh3 51. Ke1 Rxh2 52. Ra4 Kg5 53. Rxb4 Rxa2 54. Rc4 h3 0-1

[Event "EWICC 2019"]
[Site "Antalya"]
[Date "2019.04.14"]
[Round "4.18"]
[White "Fataliyeva, Ulviyya"]
[Black "Zawadzka, Jolanta"]
[Result "1-0"]
[WhiteElo "2266"]
[BlackElo "2418"]
[Annotator "NA"]
[PlyCount "93"]
[EventDate "2019.04.11"]
[EventType "swiss"]
[EventCountry "TUR"]
[SourceTitle "playchess.com"]
[Source "ChessBase"]
[SourceQuality "1"]

1. d4 d5 2. c4 e6 3. Nc3 a6 4. cxd5 exd5 5. Nf3 Nf6 6. Bg5 Be6 7. e3 h6 8. Bxf6 Qxf6 9. Qb3 Ra7 10. Rc1 Bd6 11. Bd3 O-O 12. Nxd5 Qd8 13. e4 Nd7 14. Qc2 Bxd5 15. exd5 Re8+ 16. Kf1 Qf6 17. Be4 Raa8 18. g3 Re7 19. Kg2 Rae8 20. Rhe1 g6 21. a3 Nb6 22. Re3 Qg7 23. Rce1 Kh8 24. Qb3 f5 25. Bb1 Rxe3 26. fxe3 Qf7 27. e4 fxe4 28. Bxe4 g5 29. Qd3 Qg7 30. Rf1 Nd7 31. Bf5 Nf6 32. Be6 Qh7 33. Qxh7+ Nxh7 34. Ne5 Nf8 35. Rf6 Bxe5 36. dxe5 c6 37. d6 Kg7 38. Rf7+ Kg6 39. Re7 Rd8 40. Bb3 g4 41. h4 gxh3+ 42. Kxh3 Kg5 43. Bc2 h5 44. Rg7+ Kh6 45. Rg8 b5 46. e6 Rxd6 47. e7 1-0